Μουσικές του κόσμου

Η ταινία ακολουθεί αστέρες της μουσικής στα παρασκήνια, αποκαλύπτοντας το εσωτερικό ταξίδι τους μέχρι το σημείο όπου βρίσκονται σήμερα. Παρουσιάζοντας καλλιτέχνες όπως ο Dr. Hukwe και ο Charles Zawose από την Τανζανία και τα μουσικά σύνολα όπως οι Spaccanapoli από τους δρόμους της Νάπολης στην Ιταλί...

Πλήρης περιγραφή

Αποθηκεύτηκε σε:
Λεπτομέρειες βιβλιογραφικής εγγραφής
Συλλογικό Έργο: National Geographic Television, Δημοσιογραφικός Οργανισμός Λαμπράκη
Μορφή: Βίντεο DVD
Γλώσσα:English
Greek
Δημοσίευση: [Washington D.C.] : Αθήνα : NGT, Inc. and Real World Productions Limited, Δημοσιογραφικός Οργανισμός Λαμπράκη, 2001 2002
Θέματα:
Ετικέτες: Προσθήκη ετικέτας
Δεν υπάρχουν, Καταχωρήστε ετικέτα πρώτοι!

MARC

LEADER 00000cgm a2200000 i 4500
001 1/43885
007 vd cgai
008 070508s20022001us
020 |a 960-7538-62-5 
035 |l 10087720 
040 |a GR-MY-UA  |b gre  |e aacr 
041 0 |a eng  |a gre  |j gre  |j eng 
082 0 |a 781.62  |2 (22) 
245 1 0 |a Μουσικές του κόσμου  |h [μαγνητοσκόπηση] /  |c National Geographic Television ; Real World Productions Limited 
260 |a [Washington D.C.] :   |a Αθήνα :   |b NGT, Inc. and Real World Productions Limited,   |b Δημοσιογραφικός Οργανισμός Λαμπράκη,   |c 2001  |c 2002 
300 |a 1 βιντεοκασέτα (55 λεπτ.);  |b ομίλ., έγχρ.;  |c 1/2 ιν. 
500 |a Διανέμεται δωρεάν με το περιοδικό ΗiTECH (ΙΟΥΛ 2002) 
508 |a Παραγωγή και σκηνοθεσία: Michael Coulson, κείμενα: Michael Dolan, επιμέλεια: Bonnie Culter και Brian Johnson, Διεύθυνση φωτογραφίας: Axel Baumann, επιμέλεια ελληνικής έκδοσης Ηλέκτρα Βενάκη 
511 |a Αφήγηση: David Fennoy 
520 |a Η ταινία ακολουθεί αστέρες της μουσικής στα παρασκήνια, αποκαλύπτοντας το εσωτερικό ταξίδι τους μέχρι το σημείο όπου βρίσκονται σήμερα. Παρουσιάζοντας καλλιτέχνες όπως ο Dr. Hukwe και ο Charles Zawose από την Τανζανία και τα μουσικά σύνολα όπως οι Spaccanapoli από τους δρόμους της Νάπολης στην Ιταλία, οι ΜΟΥΣΙΚΕΣ ΤΟΥ ΚΟΣΜΟΥ εξερευνούν τους σαγηνευτικούς ήχους, την ξεχωριστή προσωπικότητα και το μοναδικό πολιτισμό σύγχρονων θρύλων της μουσικής. 
538 |a DVD format 
650 0 0 |a World music. 
650 0 0 |a Folk music. 
650 0 0 |a Music videos. 
710 1 |a National Geographic Television. 
710 2 |a Δημοσιογραφικός Οργανισμός Λαμπράκη. 
852 |a INST  |b LESVOS  |c AV  |e 20070508  |h 781.62 ΜΟΥ  |p 005100038439  |q 005100038439  |t DVD  |y 23 
901 |a BIBL1-2007-2 
909 |a Λ  |b 132547 
970 |a ΚΑΡΑ  |b ΓΙΑΣΕΜΗ  |z 2007/05/08